Constitution of India (Record no. 94893)
[ view plain ]
| 000 -LEADER | |
|---|---|
| fixed length control field | 00540nam a2200205Ia 4500 |
| 003 - CONTROL NUMBER IDENTIFIER | |
| control field | OSt |
| 005 - DATE AND TIME OF LATEST TRANSACTION | |
| control field | 20220606110551.0 |
| 008 - FIXED-LENGTH DATA ELEMENTS--GENERAL INFORMATION | |
| fixed length control field | 210210b2019 xxu||||| |||| 00| 0 eng d |
| 040 ## - CATALOGING SOURCE | |
| Transcribing agency | AL |
| 041 ## - LANGUAGE CODE | |
| Language code of text/sound track or separate title | eng |
| 082 ## - DEWEY DECIMAL CLASSIFICATION NUMBER | |
| Classification number | 321.80954 WILC |
| 100 ## - MAIN ENTRY--PERSONAL NAME | |
| Personal name | Williams (Vasanthi Reena) |
| 9 (RLIN) | 40514 |
| 245 ## - TITLE STATEMENT | |
| Title | Constitution of India |
| 260 ## - PUBLICATION, DISTRIBUTION, ETC. | |
| Place of publication, distribution, etc. | Mumbai |
| Name of publisher, distributor, etc. | Himalaya Publishing House |
| Date of publication, distribution, etc. | 2019 |
| 300 ## - PHYSICAL DESCRIPTION | |
| Extent | vi,216 |
| 690 ## - LOCAL SUBJECT ADDED ENTRY--TOPICAL TERM (OCLC, RLIN) | |
| Topical term or geographic name as entry element | Indian Constitution & Government |
| 9 (RLIN) | 40515 |
| 700 ## - ADDED ENTRY--PERSONAL NAME | |
| Personal name | DATTA (Noreen Alexeena) |
| 9 (RLIN) | 40516 |
| 906 ## - LOCAL DATA ELEMENT F, LDF (RLIN) | |
| a | 073356 |
| 942 ## - ADDED ENTRY ELEMENTS (KOHA) | |
| Source of classification or shelving scheme | Dewey Decimal Classification |
| Koha item type | Book |
| Withdrawn status | Lost status | Damaged status | Not for loan | Collection code | Home library | Current library | Shelving location | Date acquired | Source of acquisition | Cost, normal purchase price | Total Checkouts | Full call number | Barcode | Date last seen | Price effective from | Koha item type | Date last checked out |
|---|---|---|---|---|---|---|---|---|---|---|---|---|---|---|---|---|---|
| St Aloysius Library | St Aloysius Library | 02/17/2021 | Biblios Book Point, Surathkal-575014 | 225.00 | 321.80954 WILC | 073357 | 02/17/2021 | 02/17/2021 | Book | ||||||||
| St Aloysius Library | St Aloysius Library | 02/17/2021 | Biblios Book Point, Surathkal-575014 | 225.00 | 2 | 321.80954 WILC | 073356 | 02/26/2024 | 02/17/2021 | Book | 01/02/2024 |